[Event "EYCC Open-U18 2019"]
[Site "Bratislava"]
[Date "2019.08.06"]
[Round "5.42"]
[White "Ghersinich, Enrico"]
[Black "Durica, Adam"]
[Result "0-1"]
[WhiteElo "2221"]
[BlackElo "1958"]
[Annotator "NA"]
[PlyCount "152"]
[EventDate "2019.08.02"]
[EventType "swiss"]
[EventCountry "SVK"]
[SourceTitle "playchess.com"]
[Source "ChessBase"]
[SourceQuality "1"]
[TimeControl "40/5400+30:1800+30"]

1. e4 {[%emt 0:00:00]} e5 {[%emt 0:00:07]} 2. Nf3 {[%emt 0:00:00]} d6 {[%emt 0:00:16]} 3. d4 {[%emt 0:00:35]} Nd7 {[%emt 0:00:33]} 4. Bc4 {[%emt 0:01:35]} c6 {[%emt 0:00:12]} 5. a4 {[%emt 0:00:48]} Be7 {[%emt 0:00:16]} 6. O-O {[%emt 0:01:01]} Ngf6 {[%emt 0:00:14]} 7. Nc3 {[%emt 0:00:46]} O-O {[%emt 0:00:12]} 8. h3 {[%emt 0:01:07]} Qc7 {[%emt 0:02:42]} 9. Re1 {[%emt 0:01:21]} b6 {[%emt 0:01:08]} 10. Bf1 {[%emt 0:06:14]} Bb7 {[%emt 0:00:55]} 11. g4 {[%emt 0:02:14]} Rfd8 {[%emt 0:09:22]} 12. Bg2 {[%emt 0:03:20]} Rac8 {[%emt 0:07:07]} 13. Qe2 {[%emt 0:06:33]} Nf8 {[%emt 0:08:00]} 14. Nd1 {[%emt 0:08:29]} Ne6 {[%emt 0:04:30]} 15. c3 {[%emt 0:00:18]} Rf8 {[%emt 0:12:39]} 16. Ng5 {[%emt 0:05:15]} exd4 {[%emt 0:06:51]} 17. Nxe6 {[%emt 0:00:20]} fxe6 {[%emt 0:00:09]} 18. cxd4 {[%emt 0:00:11]} e5 {[%emt 0:00:57]} 19. g5 {[%emt 0:06:09]} Ne8 {[%emt 0:01:04]} 20. d5 {[%emt 0:00:17]} cxd5 {[%emt 0:01:08]} 21. exd5 {[%emt 0:00:14]} g6 {[%emt 0:01:47]} 22. Nc3 {[%emt 0:01:36]} Ng7 {[%emt 0:01:54]} 23. f4 {[%emt 0:03:11]} exf4 {[%emt 0:03:37]} 24. Bxf4 {[%emt 0:08:21]} Rxf4 {[%emt 0:00:57]} 25. Qxe7 {[%emt 0:00:10]} Qc5+ {[%emt 0:01:23]} 26. Kh2 {[%emt 0:00:28]} Rc7 {[%emt 0:00:19]} 27. Qe2 {[%emt 0:01:19]} Rf2 {[%emt 0:02:07]} 28. Qe4 {[%emt 0:12:19]} Rxb2 {[%emt 0:02:33]} 29. Ne2 {[%emt 0:02:18]} Qc2 {[%emt 0:06:04]} 30. Qf4 {[%emt 0:02:19]} Qc5 {[%emt 0:06:34]} 31. Rac1 {[%emt 0:01:07]} Rf7 {[%emt 0:00:02]} 32. Rxc5 {[%emt 0:08:51]} Rxf4 {[%emt 0:00:10]} 33. Rc7 {[%emt 0:00:15]} Rf7 {[%emt 0:00:34]} 34. Rxf7 {[%emt 0:01:57]} Kxf7 {[%emt 0:00:08]} 35. Nc3 {[%emt 0:03:11]} Nf5 {[%emt 0:01:08]} 36. Kg1 {[%emt 0:00:13]} Nh4 {[%emt 0:02:10]} 37. Be4 {[%emt 0:00:17]} Ba6 {[%emt 0:00:09]} 38. Rc1 {[%emt 0:00:57]} Bd3 {[%emt 0:03:13]} 39. Nd1 {[%emt 0:04:56]} Rd2 {[%emt 0:00:13]} 40. Bh1 {[%emt 0:00:00]} Be2 {[%emt 0:00:00]} 41. Rc7+ {[%emt 0:05:22]} Kg8 {[%emt 0:02:30]} 42. Ne3 {[%emt 0:00:28]} Bf3 {[%emt 0:00:25]} 43. Ng4 {[%emt 0:09:28]} Rd1+ {[%emt 0:00:34]} 44. Kf2 {[%emt 0:03:02]} Bxh1 {[%emt 0:01:15]} 45. Nf6+ {[%emt 0:00:11]} Kf8 {[%emt 0:00:10]} 46. Nxh7+ {[%emt 0:00:44]} Kg8 {[%emt 0:01:13]} 47. Nf6+ {[%emt 0:00:08]} Kf8 {[%emt 0:00:02]} 48. Nh7+ {[%emt 0:01:24]} Ke8 {[%emt 0:02:29]} 49. Rxa7 {[%emt 0:01:24]} Nf5 {[%emt 0:00:33]} 50. Nf6+ {[%emt 0:01:05]} Kd8 {[%emt 0:00:02]} 51. Rb7 {[%emt 0:02:55]} Rd2+ {[%emt 0:00:08]} 52. Ke1 {[%emt 0:00:30]} Rb2 {[%emt 0:01:10]} 53. a5 {[%emt 0:00:23]} Kc8 {[%emt 0:01:55]} 54. a6 {[%emt 0:00:26]} Bf3 {[%emt 0:00:56]} 55. Nd7 {[%emt 0:05:03]} Re2+ {[%emt 0:03:04]} 56. Kd1 {[%emt 0:00:23]} Ra2+ {[%emt 0:00:12]} 57. Ke1 {[%emt 0:00:51]} Rxa6 {[%emt 0:00:43]} 58. Rxb6 {[%emt 0:00:12]} Rxb6 {[%emt 0:00:23]} 59. Nxb6+ {[%emt 0:00:06]} Kc7 {[%emt 0:00:03]} 60. Na4 {[%emt 0:01:10]} Bxd5 {[%emt 0:00:03]} 61. Kf2 {[%emt 0:01:14]} Kc6 {[%emt 0:00:47]} 62. Nb2 {[%emt 0:01:48]} Be4 {[%emt 0:00:23]} 63. Nc4 {[%emt 0:00:59]} Kc5 {[%emt 0:00:46]} 64. Na5 {[%emt 0:01:19]} Bd5 {[%emt 0:00:12]} 65. h4 {[%emt 0:00:43]} Kb5 {[%emt 0:00:18]} 66. h5 {[%emt 0:00:20]} gxh5 {[%emt 0:00:02]} 67. Nb3 {[%emt 0:00:15]} Bxb3 {[%emt 0:00:02]} 68. Kf3 {[%emt 0:00:06]} Bc2 {[%emt 0:00:58]} 69. Kf4 {[%emt 0:00:13]} Nh4 {[%emt 0:00:01]} 70. g6 {[%emt 0:00:24]} Nxg6+ {[%emt 0:00:02]} 71. Kg5 {[%emt 0:00:08]} h4 {[%emt 0:00:06]} 72. Kg4 {[%emt 0:00:04]} d5 {[%emt 0:00:05]} 73. Kf3 {[%emt 0:00:24]} d4 {[%emt 0:00:06]} 74. Ke2 {[%emt 0:00:09]} h3 {[%emt 0:00:10]} 75. Kf2 {[%emt 0:00:13]} d3 {[%emt 0:00:09]} 76. Ke3 {[%emt 0:00:14]} h2 {[%emt 0:00:07]} 0-1

[Event "EYCC Open-U18 2019"]
[Site "Bratislava"]
[Date "2019.08.06"]
[Round "5.43"]
[White "Brinovec, David"]
[Black "Cordeiro, Joao Carlos Santos F"]
[Result "1-0"]
[WhiteElo "2205"]
[BlackElo "1924"]
[Annotator "NA"]
[PlyCount "61"]
[EventDate "2019.08.02"]
[EventType "swiss"]
[EventCountry "SVK"]
[SourceTitle "playchess.com"]
[Source "ChessBase"]
[SourceQuality "1"]
[TimeControl "40/5400+30:1800+30"]

1. d4 {[%emt 0:00:00]} Nf6 {[%emt 0:00:00]} 2. Bf4 {[%emt 0:00:00]} d5 {[%emt 0:00:09]} 3. e3 {[%emt 0:00:01]} e6 {[%emt 0:00:06]} 4. c3 {[%emt 0:00:04]} Bd6 {[%emt 0:00:41]} 5. Bg3 {[%emt 0:00:07]} O-O {[%emt 0:00:13]} 6. Nd2 {[%emt 0:00:06]} c5 {[%emt 0:00:32]} 7. Bd3 {[%emt 0:00:34]} Nc6 {[%emt 0:01:20]} 8. Ngf3 {[%emt 0:00:11]} b6 {[%emt 0:03:52]} 9. e4 {[%emt 0:12:23]} Be7 {[%emt 0:08:28]} 10. e5 {[%emt 0:03:26]} Nh5 {[%emt 0:04:16]} 11. Ng5 {[%emt 0:04:01]} g6 {[%emt 0:10:18]} 12. Nxh7 {[%emt 0:07:49]} Re8 {[%emt 0:00:49]} 13. Qg4 {[%emt 0:04:30]} Kxh7 {[%emt 0:14:59]} 14. Qxh5+ {[%emt 0:00:47]} Kg7 {[%emt 0:00:06]} 15. Qg4 {[%emt 0:01:06]} Rh8 {[%emt 0:00:50]} 16. O-O {[%emt 0:15:57]} cxd4 {[%emt 0:00:36]} 17. cxd4 {[%emt 0:00:15]} Nb4 {[%emt 0:06:02]} 18. Be2 {[%emt 0:10:07]} Bb7 {[%emt 0:04:36]} 19. a3 {[%emt 0:02:45]} Nc6 {[%emt 0:00:04]} 20. Nb3 {[%emt 0:01:08]} a5 {[%emt 0:01:18]} 21. Rac1 {[%emt 0:07:25]} a4 {[%emt 0:06:13]} 22. Nd2 {[%emt 0:00:55]} Bg5 {[%emt 0:07:05]} 23. f4 {[%emt 0:05:10]} Bh4 {[%emt 0:02:06]} 24. Nf3 {[%emt 0:02:03]} Bxg3 {[%emt 0:00:52]} 25. Qxg3 {[%emt 0:00:10]} Na5 {[%emt 0:13:59]} 26. Ng5 {[%emt 0:01:59]} Nb3 {[%emt 0:03:50]} 27. Rcd1 {[%emt 0:01:07]} Ba6 {[%emt 0:00:36]} 28. Bxa6 {[%emt 0:00:55]} Rxa6 {[%emt 0:00:05]} 29. f5 {[%emt 0:00:40]} exf5 {[%emt 0:04:23]} 30. Rxf5 {[%emt 0:00:57]} Ra7 {[%emt 0:04:32]} 31. Rxf7+ {[%emt 0:02:18]} 1-0

[Event "EYCC Open-U18 2019"]
[Site "Bratislava"]
[Date "2019.08.06"]
[Round "5.44"]
[White "Sousa, Hugo Carneiro"]
[Black "Novosel, Marko"]
[Result "1/2-1/2"]
[WhiteElo "2130"]
[BlackElo "1981"]
[Annotator "NA"]
[PlyCount "101"]
[EventDate "2019.08.02"]
[EventType "swiss"]
[EventCountry "SVK"]
[SourceTitle "playchess.com"]
[Source "ChessBase"]
[SourceQuality "1"]
[TimeControl "40/5400+30:1800+30"]

1. e4 {[%emt 0:00:00]} c6 {[%emt 0:00:00]} 2. d4 {[%emt 0:00:00]} d5 {[%emt 0:00:00]} 3. Nc3 {[%emt 0:00:00]} dxe4 {[%emt 0:00:00]} 4. Nxe4 {[%emt 0:00:05]} Nf6 {[%emt 0:00:01]} 5. Nxf6+ {[%emt 0:00:10]} gxf6 {[%emt 0:00:08]} 6. Nf3 {[%emt 0:01:02]} Bg4 {[%emt 0:01:25]} 7. c3 {[%emt 0:01:59]} e6 {[%emt 0:00:36]} 8. g3 {[%emt 0:01:58]} h5 {[%emt 0:02:31]} 9. h3 {[%emt 0:09:58]} Bxf3 {[%emt 0:00:57]} 10. Qxf3 {[%emt 0:00:07]} Nd7 {[%emt 0:00:47]} 11. Bg2 {[%emt 0:01:22]} Bd6 {[%emt 0:00:32]} 12. O-O {[%emt 0:02:28]} h4 {[%emt 0:03:52]} 13. Bf4 {[%emt 0:11:03]} Qc7 {[%emt 0:04:27]} 14. Bxd6 {[%emt 0:02:58]} Qxd6 {[%emt 0:02:59]} 15. g4 {[%emt 0:02:26]} O-O-O {[%emt 0:02:23]} 16. b4 {[%emt 0:01:35]} f5 {[%emt 0:13:13]} 17. gxf5 {[%emt 0:03:41]} Rdg8 {[%emt 0:01:50]} 18. Kh1 {[%emt 0:02:55]} Rg5 {[%emt 0:00:25]} 19. fxe6 {[%emt 0:03:13]} fxe6 {[%emt 0:00:19]} 20. a4 {[%emt 0:02:13]} Rhg8 {[%emt 0:01:03]} 21. Rg1 {[%emt 0:01:25]} Rf8 {[%emt 0:00:17]} 22. Qe2 {[%emt 0:01:50]} Rgf5 {[%emt 0:00:23]} 23. Raf1 {[%emt 0:02:36]} Nf6 {[%emt 0:15:00]} 24. b5 {[%emt 0:07:11]} cxb5 {[%emt 0:04:57]} 25. Rb1 {[%emt 0:08:40]} b4 {[%emt 0:06:56]} 26. Rxb4 {[%emt 0:12:01]} Nd5 {[%emt 0:00:15]} 27. Rb2 {[%emt 0:00:49]} Rxf2 {[%emt 0:03:14]} 28. Qxf2 {[%emt 0:00:42]} Rxf2 {[%emt 0:00:06]} 29. Rxf2 {[%emt 0:00:02]} Nf4 {[%emt 0:10:15]} 30. Be4 {[%emt 0:05:05]} e5 {[%emt 0:06:48]} 31. Rg8+ {[%emt 0:01:24]} Kd7 {[%emt 0:01:59]} 32. Rg7+ {[%emt 0:00:47]} Ke8 {[%emt 0:01:18]} 33. Rxb7 {[%emt 0:01:45]} Qa3 {[%emt 0:03:57]} 34. Rfb2 {[%emt 0:05:46]} exd4 {[%emt 0:01:38]} 35. R7b3 {[%emt 0:03:03]} Qxa4 {[%emt 0:01:43]} 36. cxd4 {[%emt 0:00:56]} Qxd4 {[%emt 0:04:52]} 37. Bb7 {[%emt 0:01:33]} Qd1+ {[%emt 0:03:48]} 38. Kh2 {[%emt 0:00:07]} Qd6 {[%emt 0:00:13]} 39. Kh1 {[%emt 0:02:32]} Qd1+ {[%emt 0:00:15]} 40. Kh2 {[%emt 0:00:00]} Qd6 {[%emt 0:00:00]} 41. Rb1 {[%emt 0:06:40]} Nd3+ {[%emt 0:08:30]} 42. Kh1 {[%emt 0:00:58]} Qg3 {[%emt 0:01:38]} 43. Bg2 {[%emt 0:02:59]} Nf2+ {[%emt 0:06:41]} 44. Kg1 {[%emt 0:00:04]} Nxh3+ {[%emt 0:00:08]} 45. Kh1 {[%emt 0:00:09]} Nf2+ {[%emt 0:00:03]} 46. Kg1 {[%emt 0:00:04]} Nd3 {[%emt 0:01:38]} 47. Rb8+ {[%emt 0:01:53]} Ke7 {[%emt 0:00:41]} 48. R1b7+ {[%emt 0:03:53]} Kd6 {[%emt 0:01:58]} 49. Rd8+ {[%emt 0:00:26]} Kc5 {[%emt 0:00:25]} 50. Rd5+ {[%emt 0:01:41]} Kc4 {[%emt 0:01:01]} 51. Rxd3 {[%emt 0:00:33]} 1/2-1/2

[Event "EYCC Open-U18 2019"]
[Site "Bratislava"]
[Date "2019.08.06"]
[Round "5.45"]
[White "Kizatbay, Abyl"]
[Black "Ihnat, Marek"]
[Result "1-0"]
[WhiteElo "2216"]
[BlackElo "1946"]
[Annotator "NA"]
[PlyCount "87"]
[EventDate "2019.08.02"]
[EventType "swiss"]
[EventCountry "SVK"]
[SourceTitle "playchess.com"]
[Source "ChessBase"]
[SourceQuality "1"]
[TimeControl "40/5400+30:1800+30"]

1. e4 {[%emt 0:00:00]} c5 {[%emt 0:00:00]} 2. Nf3 {[%emt 0:00:00]} d6 {[%emt 0:00:00]} 3. Bb5+ {[%emt 0:00:00]} Bd7 {[%emt 0:00:00]} 4. Bxd7+ {[%emt 0:00:10]} Qxd7 {[%emt 0:00:00]} 5. c4 {[%emt 0:00:32]} Nc6 {[%emt 0:00:09]} 6. d4 {[%emt 0:00:18]} cxd4 {[%emt 0:00:10]} 7. Nxd4 {[%emt 0:00:11]} g6 {[%emt 0:01:55]} 8. Nc3 {[%emt 0:01:17]} Bg7 {[%emt 0:00:11]} 9. Be3 {[%emt 0:00:04]} Nf6 {[%emt 0:00:16]} 10. f3 {[%emt 0:00:38]} O-O {[%emt 0:00:24]} 11. O-O {[%emt 0:00:36]} a6 {[%emt 0:02:09]} 12. Qd3 {[%emt 0:01:53]} e6 {[%emt 0:11:23]} 13. Rfd1 {[%emt 0:07:43]} Rfd8 {[%emt 0:06:03]} 14. Nxc6 {[%emt 0:02:43]} Qxc6 {[%emt 0:05:34]} 15. Rac1 {[%emt 0:03:14]} Rab8 {[%emt 0:22:05]} 16. a4 {[%emt 0:02:34]} Ne8 {[%emt 0:07:03]} 17. a5 {[%emt 0:05:08]} Rbc8 {[%emt 0:08:44]} 18. b3 {[%emt 0:08:06]} Bxc3 {[%emt 0:08:46]} 19. Qxc3 {[%emt 0:05:20]} d5 {[%emt 0:04:30]} 20. Bb6 {[%emt 0:03:50]} Rd6 {[%emt 0:03:37]} 21. e5 {[%emt 0:05:39]} Rd7 {[%emt 0:00:09]} 22. Qd2 {[%emt 0:00:14]} f5 {[%emt 0:07:09]} 23. h4 {[%emt 0:11:20]} Nc7 {[%emt 0:04:12]} 24. Kh2 {[%emt 0:11:17]} d4 {[%emt 0:03:45]} 25. Bxd4 {[%emt 0:06:26]} Rcd8 {[%emt 0:01:22]} 26. Qc3 {[%emt 0:01:49]} Na8 {[%emt 0:01:34]} 27. Rd2 {[%emt 0:01:38]} b5 {[%emt 0:00:58]} 28. axb6 {[%emt 0:02:02]} Nxb6 {[%emt 0:00:10]} 29. Rcd1 {[%emt 0:00:31]} Rb8 {[%emt 0:01:20]} 30. Bxb6 {[%emt 0:04:49]} Rxd2 {[%emt 0:00:08]} 31. Qxd2 {[%emt 0:00:01]} Qxb6 {[%emt 0:00:24]} 32. Qd7 {[%emt 0:00:13]} Rb7 {[%emt 0:01:11]} 33. Qe8+ {[%emt 0:06:29]} Kg7 {[%emt 0:00:06]} 34. Rd8 {[%emt 0:00:09]} Kh6 {[%emt 0:00:47]} 35. Qf8+ {[%emt 0:05:06]} Kh5 {[%emt 0:00:13]} 36. Qf6 {[%emt 0:02:58]} Qe3 {[%emt 0:00:59]} 37. Rd3 {[%emt 0:00:16]} Qf4+ {[%emt 0:00:30]} 38. g3 {[%emt 0:02:12]} Qc1 {[%emt 0:00:09]} 39. g4+ {[%emt 0:01:08]} fxg4 {[%emt 0:00:52]} 40. fxg4+ {[%emt 0:00:00]} Kh6 {[%emt 0:00:00]} 41. g5+ {[%emt 0:04:09]} Kh5 {[%emt 0:01:28]} 42. Qf3+ {[%emt 0:00:30]} Kxh4 {[%emt 0:00:08]} 43. Rd4+ {[%emt 0:00:17]} Kxg5 {[%emt 0:00:14]} 44. Qf6+ {[%emt 0:00:09]} 1-0

[Event "EYCC Open-U18 2019"]
[Site "Bratislava"]
[Date "2019.08.06"]
[Round "5.46"]
[White "Riha, Vojtech"]
[Black "Eftovski Mateo"]
[Result "1-0"]
[WhiteElo "2197"]
[BlackElo "1726"]
[Annotator "NA"]
[PlyCount "83"]
[EventDate "2019.08.02"]
[EventType "swiss"]
[EventCountry "SVK"]
[SourceTitle "playchess.com"]
[Source "ChessBase"]
[SourceQuality "1"]
[TimeControl "40/5400+30:1800+30"]

1. e4 {[%emt 0:00:00]} e5 {[%emt 0:00:00]} 2. Nf3 {[%emt 0:00:00]} Nc6 {[%emt 0:00:00]} 3. Nc3 {[%emt 0:00:02]} Nf6 {[%emt 0:00:00]} 4. d4 {[%emt 0:00:15]} exd4 {[%emt 0:00:00]} 5. Nd5 {[%emt 0:00:08]} Bc5 {[%emt 0:01:06]} 6. Bg5 {[%emt 0:04:21]} Be7 {[%emt 0:02:37]} 7. Bf4 {[%emt 0:01:17]} d6 {[%emt 0:02:25]} 8. Nxd4 {[%emt 0:01:46]} O-O {[%emt 0:01:36]} 9. Nb5 {[%emt 0:03:08]} Nxd5 {[%emt 0:01:41]} 10. exd5 {[%emt 0:00:05]} Ne5 {[%emt 0:01:13]} 11. Qd2 {[%emt 0:02:24]} Bf6 {[%emt 0:02:11]} 12. O-O-O {[%emt 0:04:02]} Bf5 {[%emt 0:17:28]} 13. f3 {[%emt 0:10:38]} a5 {[%emt 0:08:31]} 14. Be2 {[%emt 0:16:09]} Re8 {[%emt 0:00:57]} 15. Rhe1 {[%emt 0:12:55]} Bd7 {[%emt 0:07:48]} 16. a4 {[%emt 0:15:03]} Ng6 {[%emt 0:16:30]} 17. Bg3 {[%emt 0:00:33]} Re4 {[%emt 0:09:01]} 18. Kb1 {[%emt 0:13:38]} Rxa4 {[%emt 0:01:56]} 19. c3 {[%emt 0:01:00]} c6 {[%emt 0:11:08]} 20. Nxd6 {[%emt 0:02:36]} Qb6 {[%emt 0:01:04]} 21. Bc4 {[%emt 0:04:27]} Rxc4 {[%emt 0:06:07]} 22. Nxc4 {[%emt 0:00:39]} Bf5+ {[%emt 0:00:05]} 23. Ka2 {[%emt 0:00:50]} Qc5 {[%emt 0:00:27]} 24. Nd6 {[%emt 0:02:34]} Bd7 {[%emt 0:00:28]} 25. Qe3 {[%emt 0:02:17]} Qxe3 26. Rxe3 {[%emt 0:00:04]} cxd5 {[%emt 0:01:30]} 27. Nxb7 {[%emt 0:01:15]} Be6 {[%emt 0:02:57]} 28. Ka1 {[%emt 0:00:51]} Be7 {[%emt 0:02:47]} 29. Bd6 {[%emt 0:00:48]} Bg5 {[%emt 0:00:19]} 30. Re2 {[%emt 0:00:33]} Ra6 {[%emt 0:00:14]} 31. Ba3 {[%emt 0:00:35]} Nf4 {[%emt 0:00:57]} 32. Rf2 {[%emt 0:00:29]} Bf5 {[%emt 0:01:16]} 33. Nc5 {[%emt 0:00:15]} Ra8 {[%emt 0:00:29]} 34. g3 {[%emt 0:00:24]} Ng6 {[%emt 0:00:58]} 35. Rxd5 {[%emt 0:00:41]} Be3 {[%emt 0:00:07]} 36. Re2 {[%emt 0:00:30]} Be6 {[%emt 0:00:10]} 37. Nxe6 {[%emt 0:00:27]} fxe6 {[%emt 0:00:01]} 38. Rd3 {[%emt 0:00:39]} Bg5 {[%emt 0:00:18]} 39. Rxe6 {[%emt 0:00:24]} Kf7 {[%emt 0:00:05]} 40. Re4 {[%emt 0:00:00]} Bf6 {[%emt 0:00:00]} 41. Rd7+ {[%emt 0:02:09]} Kg8 {[%emt 0:00:30]} 42. f4 {[%emt 0:01:13]} 1-0

[Event "EYCC Open-U18 2019"]
[Site "Bratislava"]
[Date "2019.08.06"]
[Round "5.47"]
[White "Rodriguez Izquierdo, Luis"]
[Black "Gloser, David"]
[Result "1-0"]
[WhiteElo "2007"]
[BlackElo "2123"]
[Annotator "NA"]
[PlyCount "61"]
[EventDate "2019.08.02"]
[EventType "swiss"]
[EventCountry "SVK"]
[SourceTitle "playchess.com"]
[Source "ChessBase"]
[SourceQuality "1"]
[TimeControl "40/5400+30:1800+30"]

1. e4 {[%emt 0:00:00]} c6 {[%emt 0:00:00]} 2. d4 {[%emt 0:00:00]} d5 {[%emt 0:00:00]} 3. e5 {[%emt 0:00:00]} Bf5 {[%emt 0:00:38]} 4. h4 {[%emt 0:00:37]} h5 {[%emt 0:00:18]} 5. Bd3 {[%emt 0:00:21]} Bxd3 {[%emt 0:01:06]} 6. Qxd3 {[%emt 0:00:08]} e6 {[%emt 0:00:54]} 7. Bg5 {[%emt 0:01:01]} Qc7 {[%emt 0:02:30]} 8. Nf3 {[%emt 0:03:18]} Nd7 {[%emt 0:02:01]} 9. O-O {[%emt 0:02:46]} Be7 {[%emt 0:05:44]} 10. Nc3 {[%emt 0:01:11]} a6 {[%emt 0:01:20]} 11. Ne2 {[%emt 0:01:53]} c5 {[%emt 0:05:38]} 12. c4 {[%emt 0:05:23]} dxc4 {[%emt 0:10:06]} 13. Qxc4 {[%emt 0:00:43]} Bxg5 {[%emt 0:04:08]} 14. Nxg5 {[%emt 0:00:57]} Ne7 {[%emt 0:01:17]} 15. Nf4 {[%emt 0:01:36]} Qc6 {[%emt 0:03:54]} 16. Rac1 {[%emt 0:08:43]} Qb5 {[%emt 0:05:22]} 17. Nxf7 {[%emt 0:09:37]} Kxf7 {[%emt 0:02:13]} 18. Qxe6+ {[%emt 0:00:06]} Kf8 {[%emt 0:00:09]} 19. Ng6+ {[%emt 0:07:42]} Nxg6 {[%emt 0:00:49]} 20. Qxg6 {[%emt 0:00:03]} Rh6 {[%emt 0:09:35]} 21. Qf5+ {[%emt 0:00:11]} Ke8 {[%emt 0:05:50]} 22. d5 {[%emt 0:01:29]} Qe2 {[%emt 0:03:23]} 23. e6 {[%emt 0:07:39]} Nf6 {[%emt 0:00:43]} 24. d6 {[%emt 0:00:03]} b6 {[%emt 0:03:07]} 25. f3 {[%emt 0:04:45]} Qe3+ {[%emt 0:04:21]} 26. Kh1 {[%emt 0:00:23]} Qd4 {[%emt 0:02:19]} 27. Rcd1 {[%emt 0:00:05]} Qxh4+ {[%emt 0:01:46]} 28. Kg1 {[%emt 0:00:05]} Qg3 {[%emt 0:00:29]} 29. e7 {[%emt 0:04:16]} Nd7 {[%emt 0:04:28]} 30. Qd5 {[%emt 0:00:22]} Rb8 {[%emt 0:00:10]} 31. Qg8+ {[%emt 0:00:05]} 1-0

[Event "EYCC Open-U18 2019"]
[Site "Bratislava"]
[Date "2019.08.06"]
[Round "5.48"]
[White "Winkin, Pol"]
[Black "Pobor, Danilo"]
[Result "0-1"]
[WhiteElo "1840"]
[BlackElo "1996"]
[Annotator "NA"]
[PlyCount "104"]
[EventDate "2019.08.02"]
[EventType "swiss"]
[EventCountry "SVK"]
[SourceTitle "playchess.com"]
[Source "ChessBase"]
[SourceQuality "1"]
[TimeControl "40/5400+30:1800+30"]

1. e4 {[%emt 0:00:00]} c5 {[%emt 0:00:00]} 2. Nf3 {[%emt 0:00:00]} Nc6 {[%emt 0:00:00]} 3. d4 {[%emt 0:00:00]} cxd4 {[%emt 0:00:00]} 4. Nxd4 {[%emt 0:00:00]} Nf6 {[%emt 0:00:00]} 5. Nc3 {[%emt 0:00:14]} d6 {[%emt 0:00:20]} 6. g3 {[%emt 0:00:41]} a6 {[%emt 0:03:51]} 7. Bg2 {[%emt 0:02:54]} Bd7 {[%emt 0:02:33]} 8. O-O {[%emt 0:01:35]} h5 {[%emt 0:01:30]} 9. h4 {[%emt 0:04:56]} Qc8 {[%emt 0:01:37]} 10. Nxc6 {[%emt 0:07:54]} bxc6 {[%emt 0:00:57]} 11. Na4 {[%emt 0:01:01]} Rb8 {[%emt 0:01:22]} 12. c4 {[%emt 0:01:28]} Bh3 {[%emt 0:01:24]} 13. Re1 {[%emt 0:03:40]} Bxg2 {[%emt 0:01:32]} 14. Kxg2 {[%emt 0:00:05]} g6 {[%emt 0:00:25]} 15. c5 {[%emt 0:11:14]} dxc5 {[%emt 0:09:09]} 16. Nxc5 {[%emt 0:00:14]} Bg7 {[%emt 0:00:22]} 17. Qc2 {[%emt 0:06:00]} O-O {[%emt 0:00:57]} 18. e5 {[%emt 0:04:52]} Nd7 {[%emt 0:05:33]} 19. Nxd7 {[%emt 0:04:35]} Qxd7 {[%emt 0:01:50]} 20. Bf4 {[%emt 0:02:56]} Rb5 {[%emt 0:02:33]} 21. Re3 {[%emt 0:09:44]} Rd8 {[%emt 0:03:39]} 22. Rc1 {[%emt 0:07:11]} Qd5+ {[%emt 0:02:14]} 23. Kg1 {[%emt 0:02:48]} Qxa2 {[%emt 0:02:34]} 24. Ra3 {[%emt 0:01:30]} Qe6 {[%emt 0:07:03]} 25. Rxa6 {[%emt 0:02:05]} Bxe5 {[%emt 0:10:16]} 26. Rxc6 {[%emt 0:11:54]} Qg4 {[%emt 0:00:39]} 27. Bxe5 {[%emt 0:02:04]} Rxe5 {[%emt 0:00:14]} 28. Rc8 {[%emt 0:00:37]} Red5 {[%emt 0:06:40]} 29. Qc7 {[%emt 0:01:40]} Rxc8 {[%emt 0:07:35]} 30. Qxc8+ {[%emt 0:00:07]} Kg7 {[%emt 0:00:04]} 31. Qxg4 {[%emt 0:00:29]} hxg4 {[%emt 0:00:01]} 32. Rc7 {[%emt 0:00:25]} e6 {[%emt 0:01:32]} 33. Rb7 {[%emt 0:00:10]} Rd1+ {[%emt 0:00:53]} 34. Kg2 {[%emt 0:00:07]} e5 {[%emt 0:00:56]} 35. Rc7 {[%emt 0:01:26]} e4 {[%emt 0:00:45]} 36. Re7 {[%emt 0:01:36]} Rd4 {[%emt 0:00:34]} 37. Kf1 {[%emt 0:00:24]} Rb4 {[%emt 0:00:20]} 38. Ke2 {[%emt 0:01:15]} Kf8 {[%emt 0:00:57]} 39. Rc7 {[%emt 0:00:57]} Rxb2+ {[%emt 0:01:11]} 40. Ke3 {[%emt 0:00:00]} f5 {[%emt 0:00:00]} 41. Ra7 {[%emt 0:00:45]} Rb3+ {[%emt 0:04:13]} 42. Ke2 {[%emt 0:00:29]} Rf3 {[%emt 0:00:28]} 43. Rb7 {[%emt 0:02:12]} Kg8 {[%emt 0:01:01]} 44. Ra7 {[%emt 0:00:54]} e3 {[%emt 0:00:22]} 45. fxe3 {[%emt 0:04:46]} Rxg3 {[%emt 0:00:39]} 46. e4 {[%emt 0:03:14]} f4 {[%emt 0:01:08]} 47. Ra4 {[%emt 0:01:39]} f3+ {[%emt 0:01:57]} 48. Kf2 {[%emt 0:01:02]} Rg2+ {[%emt 0:00:12]} 49. Kf1 {[%emt 0:00:42]} Rh2 {[%emt 0:00:25]} 50. e5 {[%emt 0:00:10]} g3 {[%emt 0:00:15]} 51. Ke1 {[%emt 0:01:04]} Rh1+ {[%emt 0:00:17]} 52. Kd2 {[%emt 0:00:03]} g2 {[%emt 0:00:11]} 0-1